[Event "RUS-ch qual 57th"]
[Site "St Petersburg"]
[Date "2004.05.28"]
[Round "7"]
[White "Nikolenko, Oleg"]
[Black "Dolmatov, Sergey"]
[Result "1/2-1/2"]
[WhiteElo "2520"]
[BlackElo "2573"]
[PlyCount "23"]
[EventDate "2004.05.21"]
[EventType "swiss"]
[EventRounds "9"]
[EventCountry "RUS"]
[SourceTitle "CBM 102"]
[Source "ChessBase"]
[SourceDate "2004.09.23"]
[SourceVersion "1"]
[SourceVersionDate "2004.09.23"]
[SourceQuality "1"]

1. e4 e6 2. d4 d5 3. Nd2 c5 4. Ngf3 Nc6 5. exd5 exd5 6. Bb5 cxd4 7. Qe2+ Qe7 8. Nb3 Qxe2+ 9. Bxe2 Bb4+ 10. Bd2 Bxd2+ 11. Kxd2 Bg4 12. Nfxd4 1/2-1/2

[Event "RUS-ch qual 57th"]
[Site "St Petersburg"]
[Date "2004.05.27"]
[Round "6"]
[White "Dolmatov, Sergey"]
[Black "Riazantsev, Alexander"]
[Result "1/2-1/2"]
[WhiteElo "2573"]
[BlackElo "2556"]
[PlyCount "104"]
[EventDate "2004.05.21"]
[EventType "swiss"]
[EventRounds "9"]
[EventCountry "RUS"]
[SourceTitle "CBM 102"]
[Source "ChessBase"]
[SourceDate "2004.09.23"]
[SourceVersion "1"]
[SourceVersionDate "2004.09.23"]
[SourceQuality "1"]

1. e4 c6 2. d4 d5 3. Nd2 dxe4 4. Nxe4 Bf5 5. Ng3 Bg6 6. h4 h6 7. Nf3 Nd7 8. h5 Bh7 9. Bd3 Bxd3 10. Qxd3 e6 11. Bf4 Ngf6 12. 0-0-0 Be7 13. Kb1 0-0 14. Ne4 Nxe4 15. Qxe4 Nf6 16. Qe2 Qd5 17. Ne5 Qe4 18. Qxe4 Nxe4 19. Rhe1 Nf6 20. g4 Rfd8 21. Be3 Nd5 22. Bc1 c5 23. c4 Nf6 24. dxc5 Bxc5 25. f3 Bf2 26. Rf1 Bd4 27. Bf4 Nh7 28. Rd3 Bxe5 29. Rxd8+ Rxd8 30. Bxe5 f6 31. Bc3 Ng5 32. Kc2 Kf7 33. b4 Ke7 34. a4 Rc8 35. c5 Rd8 36. Bd2 Rd5 37. Be3 f5 38. c6 bxc6 39. Bxa7 Kd7 40. Bc5 Kc7 41. a5 Kb7 42. Bf8 Rd7 43. Bc5 f4 44. Rd1 Rxd1 45. Kxd1 Nxf3 46. Bf8 Ne5 47. g5 hxg5 48. Bxg7 Nf7 49. h6 Ka6 50. h7 c5 51. bxc5 Kxa5 52. Ke2 Kb5 1/2-1/2

[Event "RUS-ch qual 57th"]
[Site "St Petersburg"]
[Date "2004.05.24"]
[Round "4"]
[White "Nepomniachtchi, Ian"]
[Black "Dolmatov, Sergey"]
[Result "1/2-1/2"]
[WhiteElo "2445"]
[BlackElo "2573"]
[PlyCount "52"]
[EventDate "2004.05.21"]
[EventType "swiss"]
[EventRounds "9"]
[EventCountry "RUS"]
[SourceTitle "CBM 102"]
[Source "ChessBase"]
[SourceDate "2004.09.23"]
[SourceVersion "1"]
[SourceVersionDate "2004.09.23"]
[SourceQuality "1"]

1. e4 e6 2. d4 d5 3. Nc3 Bb4 4. e5 c5 5. a3 Bxc3+ 6. bxc3 Ne7 7. Qg4 0-0 8. Bd3 Nbc6 9. Qh5 Ng6 10. Nf3 Qc7 11. Be3 c4 12. Be2 f6 13. h4 Bd7 14. g3 b5 15. 0-0 a5 16. Rab1 Rab8 17. Rfe1 b4 18. axb4 axb4 19. exf6 Rxf6 20. cxb4 Nxb4 21. Bd1 Nc6 22. Rxb8+ Qxb8 23. Bd2 Qf8 24. c3 h6 25. Be3 Qa3 26. Bc2 Nf8 1/2-1/2

[Event "RUS-ch qual 57th"]
[Site "St Petersburg"]
[Date "2004.05.22"]
[Round "2"]
[White "Ionov, Sergey"]
[Black "Dolmatov, Sergey"]
[Result "1/2-1/2"]
[WhiteElo "2538"]
[BlackElo "2573"]
[PlyCount "42"]
[EventDate "2004.05.21"]
[EventType "swiss"]
[EventRounds "9"]
[EventCountry "RUS"]
[SourceTitle "CBM 102"]
[Source "ChessBase"]
[SourceDate "2004.09.23"]
[SourceVersion "1"]
[SourceVersionDate "2004.09.23"]
[SourceQuality "1"]

1. c4 e5 2. Nc3 Bb4 3. Nd5 Bc5 4. Nf3 c6 5. Nc3 Qe7 6. e3 d6 7. d4 Bb4 8. Qb3 Ba5 9. Bd2 Nf6 10. Be2 Bc7 11. 0-0-0 0-0 12. h3 a6 13. dxe5 dxe5 14. g4 a5 15. Ng5 Na6 16. Nge4 Nxe4 17. Nxe4 Nc5 18. Nxc5 Qxc5 19. Bd3 Be6 20. Qc2 h6 21. Kb1 e4 1/2-1/2

[Event "Moscow Aeroflot op-A"]
[Site "Moscow"]
[Date "2004.02.22"]
[Round "6"]
[White "Khairullin, Ildar"]
[Black "Dolmatov, Sergey"]
[Result "1/2-1/2"]
[WhiteElo "2451"]
[BlackElo "2591"]
[PlyCount "60"]
[EventDate "2004.02.17"]
[EventType "swiss"]
[EventRounds "9"]
[EventCountry "RUS"]
[SourceTitle "EXT 2005"]
[Source "ChessBase"]
[SourceDate "2004.11.15"]
[SourceVersion "1"]
[SourceVersionDate "2004.11.15"]
[SourceQuality "1"]

1. e4 e6 2. d4 d5 3. Nd2 c5 4. c3 Nc6 5. Ngf3 cxd4 6. cxd4 dxe4 7. Nxe4 Be7 8. Bd3 Nf6 9. 0-0 0-0 10. Be3 Nb4 11. Nxf6+ Bxf6 12. Be4 Nd5 13. Qd3 g6 14. Qb3 b6 15. Bh6 Re8 16. Ne5 Bb7 17. Qf3 Qe7 18. Rfe1 Rac8 19. Rad1 Bg7 20. Qh3 Nf6 21. Bxb7 Qxb7 22. Rd3 Nh5 23. Qe3 Nf6 24. Qh3 Nd5 25. Rf3 f6 26. Nd3 Bxh6 27. Qxh6 Qg7 28. Qd2 Rcd8 29. h4 Rd6 30. Nf4 f5 1/2-1/2

[Event "Moscow Aeroflot op-A"]
[Site "Moscow"]
[Date "2004.02.19"]
[Round "3"]
[White "Carlsen, Magnus"]
[Black "Dolmatov, Sergey"]
[Result "1-0"]
[WhiteElo "2484"]
[BlackElo "2591"]
[PlyCount "37"]
[EventDate "2004.02.17"]
[EventType "swiss"]
[EventRounds "9"]
[EventCountry "RUS"]
[SourceTitle "CBM 200"]
[Source "ChessBase"]
[SourceDate "2021.02.28"]
[SourceVersion "1"]
[SourceVersionDate "2021.02.28"]
[SourceQuality "1"]

1. Nf3 f5 2. d3 d6 3. e4 e5 4. Nc3 Nc6 5. exf5 Bxf5 6. d4 Nxd4 7. Nxd4 exd4 8. Qxd4 Nf6 9. Bc4 c6 10. Bg5 b5 11. Bb3 Be7 12. 0-0-0 Qd7 13. Rhe1 Kd8 14. Rxe7 Qxe7 15. Qf4 Bd7 16. Ne4 d5 17. Nxf6 h6 18. Bh4 g5 19. Qd4 1-0

[Event "EU-Cup 19th"]
[Site "Rethymno"]
[Date "2003.09.30"]
[Round "3.1"]
[White "Khalifman, Alexander"]
[Black "Dolmatov, Sergey"]
[Result "1-0"]
[WhiteElo "2678"]
[BlackElo "2605"]
[PlyCount "61"]
[EventDate "2003.09.28"]
[EventType "team-swiss"]
[EventRounds "7"]
[EventCountry "GRE"]
[SourceTitle "CBM 098"]
[Source "ChessBase"]
[SourceDate "2004.02.03"]
[SourceVersion "1"]
[SourceVersionDate "2004.02.03"]
[SourceQuality "1"]
[WhiteTeam "Tomsk 400"]
[BlackTeam "Norilsk Norilsky Nikel"]
[WhiteTeamCountry "RUS"]
[BlackTeamCountry "RUS"]

1. e4 e6 2. d4 d5 3. e5 c5 4. c3 Nc6 5. Nf3 Qb6 6. a3 Nh6 7. b4 cxd4 8. cxd4 Nf5 9. Bb2 Be7 10. Bd3 Bd7 11. 0-0 Rc8 12. Nbd2 g5 13. Nb3 h5 14. Rc1 g4 15. Ne1 a5 16. Bxf5 exf5 17. Nd3 axb4 18. Nbc5 Be6 19. axb4 Qb5 20. Nf4 Rh6 21. Bc3 Bg5 22. Bd2 Bxf4 23. Bxf4 Rg6 24. Be3 Rg8 25. Re1 Ne7 26. Qd2 h4 27. Bg5 h3 28. Bxe7 Kxe7 29. Qh6 Rc6 30. Qf6+ Ke8 31. Ra1 1-0

[Event "RUS-ch 56th"]
[Site "Krasnoyarsk"]
[Date "2003.09.12"]
[Round "9"]
[White "Yemelin, Vasily"]
[Black "Dolmatov, Sergey"]
[Result "0-1"]
[WhiteElo "2550"]
[BlackElo "2605"]
[PlyCount "46"]
[EventDate "2003.09.03"]
[EventType "swiss"]
[EventRounds "9"]
[EventCountry "RUS"]
[SourceTitle "CBM 098"]
[Source "ChessBase"]
[SourceDate "2004.02.03"]
[SourceVersion "1"]
[SourceVersionDate "2004.02.03"]
[SourceQuality "1"]

1. e4 e6 2. d4 d5 3. e5 c5 4. c3 Nc6 5. Nf3 Qb6 6. a3 Nh6 7. b4 cxd4 8. cxd4 Nf5 9. Bb2 Be7 10. h4 a5 11. b5 a4 12. g4 Nh6 13. Rg1 Na5 14. Nc3 Nb3 15. Ra2 Qa5 16. Bd3 Bd7 17. Nd2 Nxd4 18. Nxd5 Bxb5 19. Bc3 Qd8 20. Nxe7 Bxd3 21. Bb4 Ng8 22. Nxg8 Qd5 23. Rg3 Qh1+ 0-1

[Event "RUS-ch 56th"]
[Site "Krasnoyarsk"]
[Date "2003.09.10"]
[Round "7"]
[White "Kornev, Alexei"]
[Black "Dolmatov, Sergey"]
[Result "1-0"]
[WhiteElo "2566"]
[BlackElo "2605"]
[PlyCount "61"]
[EventDate "2003.09.03"]
[EventType "swiss"]
[EventRounds "9"]
[EventCountry "RUS"]
[SourceTitle "CBM 098"]
[Source "ChessBase"]
[SourceDate "2004.02.03"]
[SourceVersion "1"]
[SourceVersionDate "2004.02.03"]
[SourceQuality "1"]

1. c4 c6 2. e4 d5 3. exd5 cxd5 4. d4 Nf6 5. Nc3 e6 6. Nf3 Bb4 7. cxd5 exd5 8. Bd3 0-0 9. 0-0 Nc6 10. Bg5 Be6 11. Re1 h6 12. Bh4 Re8 13. Rc1 Bf8 14. Bb1 g5 15. Bg3 Bg7 16. Ne5 Nd7 17. Nb5 Qb6 18. Qd3 Nf8 19. Nxc6 bxc6 20. Nc7 Bxd4 21. Nxa8 Rxa8 22. b3 a5 23. h4 a4 24. hxg5 hxg5 25. Qd2 f6 26. Bc7 Qxc7 27. Qxd4 Kf7 28. b4 Nd7 29. Qd3 Rh8 30. Qg6+ Kf8 31. Rxe6 1-0

[Event "RUS-ch 56th"]
[Site "Krasnoyarsk"]
[Date "2003.09.05"]
[Round "3"]
[White "Grigoriants, Sergey"]
[Black "Dolmatov, Sergey"]
[Result "1/2-1/2"]
[WhiteElo "2499"]
[BlackElo "2605"]
[PlyCount "66"]
[EventDate "2003.09.03"]
[EventType "swiss"]
[EventRounds "9"]
[EventCountry "RUS"]
[SourceTitle "CBM 098"]
[Source "ChessBase"]
[SourceDate "2004.02.03"]
[SourceVersion "1"]
[SourceVersionDate "2004.02.03"]
[SourceQuality "1"]

1. e4 e6 2. d4 d5 3. Nd2 c5 4. Ngf3 Nf6 5. exd5 exd5 6. Bb5+ Bd7 7. Bxd7+ Nbxd7 8. 0-0 Be7 9. dxc5 Nxc5 10. Nb3 Nce4 11. Nfd4 Qd7 12. f3 Nd6 13. Nc5 Qc7 14. Nd3 0-0 15. b3 Rfe8 16. Be3 g6 17. Qd2 Bf8 18. a4 a6 19. Rfe1 Bg7 20. Bf2 Rac8 21. Rxe8+ Ndxe8 22. Re1 Nd7 23. Qf4 Qd8 24. g4 Nf8 25. h4 Nc7 26. Nc5 Bxd4 27. Bxd4 Qxh4 28. Bf2 Qd8 29. Nxb7 Nce6 30. Nxd8 Nxf4 31. Be3 g5 32. Bxf4 gxf4 33. Nb7 Rxc2 1/2-1/2

[Event "EU-ch 4th"]
[Site "Istanbul"]
[Date "2003.06.03"]
[Round "5"]
[White "Dolmatov, Sergey"]
[Black "Kurajica, Bojan"]
[Result "1/2-1/2"]
[WhiteElo "2606"]
[BlackElo "2551"]
[PlyCount "62"]
[EventDate "2003.05.30"]
[EventType "swiss"]
[EventRounds "13"]
[EventCountry "TUR"]
[SourceTitle "CBM 096"]
[Source "ChessBase"]
[SourceDate "2003.09.25"]
[SourceVersion "1"]
[SourceVersionDate "2003.09.25"]
[SourceQuality "1"]

1. e4 c5 2. Nf3 Nc6 3. d4 cxd4 4. Nxd4 e6 5. Nc3 Qc7 6. Be2 a6 7. 0-0 Nf6 8. Be3 Bb4 9. Na4 Be7 10. Nxc6 bxc6 11. Nb6 Rb8 12. Nxc8 Qxc8 13. Bd4 0-0 14. e5 Nd5 15. c4 Nf4 16. Bf3 Qc7 17. c5 f6 18. exf6 Bxf6 19. Bxf6 Rxf6 20. Qd2 a5 21. Rac1 Rb4 22. g3 Nd5 23. Bg2 Qe5 24. Rc2 Rf8 25. a3 Rb3 26. Re1 Qf6 27. Re2 Ra8 28. Be4 g6 29. Bd3 Rb7 30. Bc4 Kg7 31. Kg2 a4 1/2-1/2

[Event "EU-ch 4th"]
[Site "Istanbul"]
[Date "2003.06.01"]
[Round "3"]
[White "Dolmatov, Sergey"]
[Black "Solak, Dragan"]
[Result "1-0"]
[WhiteElo "2606"]
[BlackElo "2514"]
[PlyCount "99"]
[EventDate "2003.05.30"]
[EventType "swiss"]
[EventRounds "13"]
[EventCountry "TUR"]
[SourceTitle "CBM 096"]
[Source "ChessBase"]
[SourceDate "2003.09.25"]
[SourceVersion "1"]
[SourceVersionDate "2003.09.25"]
[SourceQuality "1"]

1. e4 c5 2. Nf3 g6 3. d4 Bg7 4. dxc5 Qa5+ 5. c3 Qxc5 6. Na3 d6 7. Nb5 a6 8. Be3 Qc6 9. Na7 Qc7 10. Nxc8 Qxc8 11. Qb3 Nf6 12. e5 dxe5 13. Nxe5 0-0 14. Be2 e6 15. Bf3 Nc6 16. Nc4 Qc7 17. Qb6 Qxb6 18. Nxb6 Rad8 19. 0-0 Nd7 20. Rfd1 Nde5 21. Be2 Rxd1+ 22. Rxd1 Rd8 23. Rxd8+ Nxd8 24. f4 Nec6 25. Bf3 Kf8 26. g4 Ke7 27. Bc5+ Ke8 28. Kf2 Bf8 29. Be3 Nb8 30. b4 Nd7 31. Nc4 Bg7 32. Nd6+ Ke7 33. Nc8+ Kf8 34. Bd2 b5 35. Ke2 f5 36. Kd3 e5 37. gxf5 gxf5 38. Kc2 e4 39. Be2 Ne6 40. a4 bxa4 41. Nd6 Bh6 42. Nxf5 Bxf4 43. Bc4 Bxd2 44. Bxe6 Bxc3 45. Kxc3 Ne5 46. Bd5 a3 47. Kb3 Nf3 48. h3 Ng5 49. h4 Nf3 50. Kxa3 1-0

[Event "EU-ch 4th"]
[Site "Istanbul"]
[Date "2003.05.30"]
[Round "1"]
[White "Dolmatov, Sergey"]
[Black "Kurnosov, Igor"]
[Result "1/2-1/2"]
[WhiteElo "2606"]
[BlackElo "2500"]
[PlyCount "55"]
[EventDate "2003.05.30"]
[EventType "swiss"]
[EventRounds "13"]
[EventCountry "TUR"]
[SourceTitle "CBM 096"]
[Source "ChessBase"]
[SourceDate "2003.09.25"]
[SourceVersion "1"]
[SourceVersionDate "2003.09.25"]
[SourceQuality "1"]

1. e4 c5 2. Nf3 d6 3. d4 cxd4 4. Nxd4 Nf6 5. Nc3 a6 6. Be3 e6 7. Be2 Be7 8. a4 Nc6 9. 0-0 0-0 10. f4 Qc7 11. Kh1 Re8 12. Bf3 Bf8 13. Qd2 Na5 14. b3 Rb8 15. Nde2 b6 16. Qe1 Nc6 17. Qf2 Nb4 18. Na2 Nxa2 19. Rxa2 Nd7 20. Bd4 Bb7 21. Ba1 Nc5 22. Qe3 Rbc8 23. Rd1 Qb8 24. Ng3 Qa8 25. c4 Bc6 26. Re2 b5 27. axb5 axb5 28. Bd4 1/2-1/2

[Event "Moscow Aeroflot op-A"]
[Site "Moscow"]
[Date "2003.02.18"]
[Round "8"]
[White "Smirin, Ilia"]
[Black "Dolmatov, Sergey"]
[Result "1/2-1/2"]
[WhiteElo "2664"]
[BlackElo "2591"]
[PlyCount "123"]
[EventDate "2003.02.10"]
[EventType "swiss"]
[EventRounds "9"]
[EventCountry "RUS"]
[SourceTitle "CBM 094"]
[Source "ChessBase"]
[SourceDate "2003.05.26"]
[SourceVersion "1"]
[SourceVersionDate "2003.05.26"]
[SourceQuality "1"]

1. e4 e6 2. d4 d5 3. Nc3 Bb4 4. e5 c5 5. a3 Bxc3+ 6. bxc3 Ne7 7. Qg4 0-0 8. Bd3 Nbc6 9. Qh5 Ng6 10. Nf3 Qc7 11. Be3 Nce7 12. h4 Bd7 13. a4 f6 14. exf6 Rxf6 15. 0-0 c4 16. Bxg6 Nxg6 17. Rfe1 Qd6 18. Bg5 Rf5 19. Qg4 Nh8 20. Ne5 Nf7 21. Bf4 Nxe5 22. Bxe5 Qe7 23. Re3 Raf8 24. Rg3 R8f7 25. h5 Be8 26. f4 a5 27. Qh3 Qd8 28. Qg4 Qd7 29. Rh3 Re7 30. Kf2 Qd8 31. Ke3 Bc6 32. Kd2 Qe8 33. Qh4 Rff7 34. g4 Qd7 35. Rg3 Re8 36. f5 exf5 37. gxf5 Qxf5 38. Rag1 Bxa4 39. Rxg7+ Rxg7 40. Rxg7+ Kf8 41. Rg4 Qxc2+ 42. Ke3 Rxe5+ 43. dxe5 Qxc3+ 44. Kf4 Qd4+ 45. Kf5 Bc2+ 46. Ke6 Qb6+ 47. Kxd5 Bf5 48. Rf4 Qb5+ 49. Kd4 Qb2+ 50. Kxc4 Qb4+ 51. Kd5 Qb5+ 52. Kd4 Qb2+ 53. Ke3 Qxe5+ 54. Kf2 Kf7 55. Rf3 Qb2+ 56. Kg1 Qc1+ 57. Kg2 Qd2+ 58. Kg1 Qc1+ 59. Kh2 Qb2+ 60. Kg3 Qe5+ 61. Kf2 Qb2+ 62. Kg3 1/2-1/2

[Event "Moscow Aeroflot op"]
[Site "Moscow"]
[Date "2002.02.07"]
[Round "4"]
[White "Dolmatov, Sergey"]
[Black "Loginov, Valery A"]
[Result "1-0"]
[WhiteElo "2588"]
[BlackElo "2524"]
[PlyCount "81"]
[EventDate "2002.02.04"]
[EventType "swiss"]
[EventRounds "9"]
[EventCountry "RUS"]
[SourceTitle "CBM 088"]
[Source "ChessBase"]
[SourceDate "2002.03.21"]
[SourceVersion "1"]
[SourceVersionDate "2002.03.21"]
[SourceQuality "1"]

1. e4 c5 2. Nf3 d6 3. d4 cxd4 4. Nxd4 Nf6 5. Nc3 Nc6 6. Bg5 e6 7. Qd2 a6 8. 0-0-0 Qb6 9. Nb3 Bd7 10. Kb1 Rc8 11. f3 Qc7 12. Be3 b5 13. Bxb5 axb5 14. Nxb5 Qb8 15. Nxd6+ Bxd6 16. Qxd6 Qxd6 17. Rxd6 Ne5 18. Bc5 Ba4 19. Bb4 0-0 20. Ra6 Bxb3 21. cxb3 Rfd8 22. Bc3 Nc6 23. b4 Ne8 24. a4 Nb8 25. Ra5 Kf8 26. Ka2 f6 27. Rc5 Ke7 28. Rxc8 Rxc8 29. b5 Kd6 30. Ba5 h5 31. Rd1+ Ke7 32. Bb4+ Kf7 33. Kb3 e5 34. a5 Ke6 35. Ka4 g6 36. a6 Nd7 37. Ka5 f5 38. a7 fxe4 39. fxe4 Nef6 40. Rd6+ Kf7 41. b6 1-0

[Event "Moscow Aeroflot op"]
[Site "Moscow"]
[Date "2002.02.06"]
[Round "3"]
[White "Sandipan, Chanda"]
[Black "Dolmatov, Sergey"]
[Result "1/2-1/2"]
[WhiteElo "2452"]
[BlackElo "2588"]
[PlyCount "43"]
[EventDate "2002.02.04"]
[EventType "swiss"]
[EventRounds "9"]
[EventCountry "RUS"]
[SourceTitle "CBM 088"]
[Source "ChessBase"]
[SourceDate "2002.03.21"]
[SourceVersion "1"]
[SourceVersionDate "2002.03.21"]
[SourceQuality "1"]

1. e4 e6 2. d4 d5 3. e5 c5 4. c3 Nc6 5. Nf3 Qb6 6. a3 Nh6 7. b4 cxd4 8. cxd4 Nf5 9. Bb2 Be7 10. h4 a5 11. b5 a4 12. g4 Nh6 13. Nc3 Nxg4 14. Nxa4 Qa5+ 15. Nd2 Qxa4 16. Qxg4 Nxe5 17. Qxg7 Ng6 18. h5 Bf8 19. Qf6 Be7 20. Qg7 Bf8 21. Qf6 Be7 22. Qg7 1/2-1/2

[Event "EU-Cup 17th"]
[Site "Panormo"]
[Date "2001.09.28"]
[Round "6.1"]
[White "Dolmatov, Sergey"]
[Black "Khalifman, Alexander"]
[Result "1/2-1/2"]
[WhiteElo "2578"]
[BlackElo "2700"]
[PlyCount "22"]
[EventDate "2001.09.22"]
[EventType "team-swiss"]
[EventRounds "7"]
[EventCountry "GRE"]
[SourceTitle "CBM 084 Extra"]
[Source "ChessBase"]
[SourceDate "2001.10.26"]
[SourceVersion "1"]
[SourceVersionDate "2001.10.26"]
[SourceQuality "1"]
[WhiteTeam "Norilsk Norilsky Nikel"]
[BlackTeam "St Petersburg"]
[WhiteTeamCountry "RUS"]
[BlackTeamCountry "RUS"]

1. e4 c5 2. Nf3 d6 3. d4 cxd4 4. Nxd4 Nf6 5. Nc3 a6 6. Be2 e5 7. Nb3 Be7 8. 0-0 0-0 9. a4 Nc6 10. Be3 Be6 11. Qd2 d5 1/2-1/2